Sword and Pen #5 / Rachel Caine.
Available copies
- 2 of 2 copies available at LARL/NWRL Consortium.
Current holds
0 current holds with 2 total copies.
Show Only Available Copies
| Location | Call Number / Copy Notes | Barcode | Shelving Location | Status | Due Date |
|---|---|---|---|---|---|
| Hallock Public Library | ya CAI (Text) | 35500006216111 | Main | Available | - |
| Warroad Public Library | ya CAI (Text) | 35500006216129 | Main | Available | - |
Record details
- ISBN: 9780451489241
- ISBN: 0451489241
- Physical Description: 358 pages ; 22 cm.
- Edition: First Edition.
- Publisher: New York : Berkley, 2019.
Content descriptions
| Summary, etc.: | The corrupt leadership of the Great Library has ... Read More |
Search for related items by subject
| Subject: | Libraries > Fiction. Libraries. |
| Genre: | Alternative histories (Fiction). Dystopias. Fiction. Novels. Alternative histories (Fiction) Dystopian fiction. |
Search for related items by series
| LDR | 01667cam a22004458i 4500 | ||
|---|---|---|---|
| 001 | 328476 | ||
| 003 | LARL_NWRL_CONSORTIUM | ||
| 005 | 20190905174834.0 | ||
| 008 | 190412s2019 nyu 000 f eng | ||
| 010 | . | ‡a 2019016968 | |
| 040 | . | ‡aDLC ‡beng ‡erda ‡cDLC ‡dOCLCF ‡dOCLCO ‡dGK8 ‡dNRG | |
| 020 | . | ‡a9780451489241 ‡q(hardcover) | |
| 020 | . | ‡a0451489241 | |
| 020 | . | ‡z9780451489258 (ebook) | |
| 035 | . | ‡a(OCoLC)1097474048 | |
| 042 | . | ‡apcc | |
| 082 | 0 | 0. | ‡a813/.6 ‡223 |
| 049 | . | ‡aNRGA | |
| 100 | 1 | . | ‡aCaine, Rachel, ‡eauthor. ‡0(LARL_NWRL_CONSORTIUM)208549 |
| 245 | 1 | 0. | ‡aSword and Pen ‡n#5 / ‡cRachel Caine. |
| 250 | . | ‡aFirst Edition. | |
| 264 | 1. | ‡aNew York : ‡bBerkley, ‡c2019. | |
| 300 | . | ‡a358 pages ; ‡c22 cm. | |
| 336 | . | ‡atext ‡btxt ‡2rdacontent | |
| 337 | . | ‡aunmediated ‡bn ‡2rdamedia | |
| 338 | . | ‡avolume ‡bnc ‡2rdacarrier | |
| 490 | 0 | . | ‡aGreat library ; ‡v5 |
| 520 | . | ‡aThe corrupt leadership of the Great Library has fallen. But with the Archivist plotting his return to power, and the Library under siege from outside empires and kingdoms, its future is uncertain. Jess Brightwell and his friends must come together as never before, to forge a new future for the Great Library . . . or see everything it stood for crumble. | |
| 650 | 0. | ‡aLibraries ‡vFiction. ‡0(LARL_NWRL_CONSORTIUM)172744 | |
| 650 | 7. | ‡aLibraries. ‡2fast ‡0(LARL_NWRL_CONSORTIUM)24478 | |
| 655 | 7. | ‡aAlternative histories (Fiction). ‡2gsafd | |
| 655 | 7. | ‡aDystopias. ‡2gsafd | |
| 655 | 7. | ‡aFiction. ‡2fast | |
| 655 | 7. | ‡aNovels. ‡2lcgft | |
| 655 | 7. | ‡aAlternative histories (Fiction) ‡2lcgft | |
| 655 | 7. | ‡aDystopian fiction. ‡2lcgft | |
| 905 | . | ‡ubacont | |
| 901 | . | ‡a328476 ‡b ‡c328476 ‡tbiblio ‡soclc | |

Add to basket
Permalink
Disable Highlighting